|
|
|
|
| LEADER |
02039nam a2200445 i 4500 |
| 001 |
EBC4672282 |
| 003 |
MiAaPQ |
| 005 |
20200520144314.0 |
| 006 |
m o d | |
| 007 |
cr cnu|||||||| |
| 008 |
160926t20052005onca ob 001 0 eng d |
| 020 |
|
|
|z 9780802035813
|
| 020 |
|
|
|a 9781442683822
|q (electronic bk.)
|
| 035 |
|
|
|a (MiAaPQ)EBC4672282
|
| 035 |
|
|
|a (Au-PeEL)EBL4672282
|
| 035 |
|
|
|a (CaPaEBR)ebr11257956
|
| 035 |
|
|
|a (CaONFJC)MIL200338
|
| 035 |
|
|
|a (OCoLC)288075729
|
| 040 |
|
|
|a MiAaPQ
|b eng
|e rda
|e pn
|c MiAaPQ
|d MiAaPQ
|
| 043 |
|
|
|a n------
|
| 050 |
|
4 |
|a KDZ911
|b .C63 2005
|
| 082 |
0 |
|
|a 343.705/26
|2 22
|
| 100 |
1 |
|
|a Cockfield, Arthur J.,
|e author.
|
| 245 |
1 |
0 |
|a NAFTA tax law and policy :
|b resolving the clash between economic and sovereignty interests /
|c Arthur J. Cockfield.
|
| 264 |
|
1 |
|a Toronto, [Ontario] ;
|a Buffalo, [New York] ;
|a London, [England] :
|b University of Toronto Press,
|c 2005.
|
| 264 |
|
4 |
|c 2005
|
| 300 |
|
|
|a 1 online resource (266 pages) :
|b illustrations, tables
|
| 336 |
|
|
|a text
|2 rdacontent
|
| 337 |
|
|
|a computer
|2 rdamedia
|
| 338 |
|
|
|a online resource
|2 rdacarrier
|
| 504 |
|
|
|a Includes bibliographical references and index.
|
| 588 |
|
|
|a Description based on print version record.
|
| 590 |
|
|
|a Electronic reproduction. Ann Arbor, MI : ProQuest, 2016. Available via World Wide Web. Access may be limited to ProQuest affiliated libraries.
|
| 630 |
0 |
0 |
|a North American Free Trade Agreement
|d (1992 December 17)
|
| 650 |
|
0 |
|a Taxation
|x Law and legislation
|v North America.
|
| 650 |
|
0 |
|a Foreign trade regulation
|z North America.
|
| 655 |
|
4 |
|a Electronic books.
|
| 776 |
0 |
8 |
|i Print version:
|a Cockfield, Arthur J.
|t NAFTA tax law and policy : resolving the clash between economic and sovereignty interests.
|d Toronto, [Ontario] ; Buffalo, [New York] ; London, [England] : University of Toronto Press, c2005
|h xvi, 249 pages
|z 9780802035813
|w 2005276416
|
| 797 |
2 |
|
|a ProQuest (Firm)
|
| 856 |
4 |
0 |
|u https://ebookcentral.proquest.com/lib/matrademy/detail.action?docID=4672282
|z Click to View
|